| 000 | 00564nam a2200181Ia 4500 | ||
|---|---|---|---|
| 005 | 20250508162657.0 | ||
| 008 | 008 250505s9999 xx 000 0 eng d | ||
| 037 | _aTextual | ||
| 040 |
_aFEDL _beng _cFEDL |
||
| 041 |
_aeng _2eng |
||
| 084 |
_a410, HER _qFEDL |
||
| 100 |
_aHerskovits Annette _9596381 |
||
| 245 | 0 | _aLanguage and spatial cognition : An interdisciplinary study of the prepositions in english | |
| 260 |
_aCambridge _bCambridge University Press _c1986 |
||
| 300 | _a208p. | ||
| 942 |
_cTEXL _h410, HER |
||
| 999 |
_c1378003 _d1378003 |
||